Impact analysis on discriminatory fertiliser application (Record no. 60703)

MARC details
000 -LEADER
fixed length control field 00481nam a2200181Ia 4500
100 ## - MAIN ENTRY--AUTHOR NAME
Personal name Karthikakutty Amma M
245 #0 - TITLE STATEMENT
Title Impact analysis on discriminatory fertiliser application
260 ## - PUBLICATION, DISTRIBUTION, ETC. (IMPRINT)
Name of publisher Rubber Board Bulletin
Year of publication 2000
300 ## - PHYSICAL DESCRIPTION
Number of Pages 34-41
650 ## - SUBJECT ADDED ENTRY--TOPICAL TERM
Topical Term Fertiliser application
700 ## - ADDED ENTRY--PERSONAL NAME
Personal name Ambily K.K
700 ## - ADDED ENTRY--PERSONAL NAME
Personal name Cyriac J
700 ## - ADDED ENTRY--PERSONAL NAME
Personal name Eapen T
700 ## - ADDED ENTRY--PERSONAL NAME
Personal name Prasannakumari P
700 ## - ADDED ENTRY--PERSONAL NAME
Personal name Ulakanathan A
942 ## - ADDED ENTRY ELEMENTS (KOHA)
Koha item type Journals
Holdings
Withdrawn status Lost status Damaged status Not for loan Home library Current library Shelving location Date acquired Serial Enumeration / chronology Koha item type
      Journals RRII Library RRII Library Soils and agonomy 17/12/2021 Volume 27, Issue 4 Journals